Sports Quiz

Random Sports or City Quiz

Disc Golf Course State Quiz Stats

 Plays Quiz not verified by Sporcle

Challenge
Share
Tweet
Embed
Score 0/31 Timer 06:00
0 Plays Today
Disc Golf Course State % Correct
DeLaveagaCalifornia
88.9%
Circle CTexas
77.8%
Water WorksMissouri
75.9%
Selah RanchTexas
66.7%
Flip CityMichigan
63%
Blue Ribbon PinesMinnesota
61.1%
Maple HillMassachusetts
57.4%
Tyler State ParkPennsylvania
53.7%
IdlewildKentucky
50%
Milo McIver State Park (Riverbend)Oregon
48.1%
West Lake ParkIowa
48.1%
ShawshankTexas
46.3%
Beaver Ranch/Conifer ParkColorado
44.4%
Moraine State ParkPennsylvania
44.4%
Coyote PointCalifornia
44.4%
Highbridge HillsWisconsin
42.6%
Disc Golf Course State % Correct
Deer LakesPennsylvania
40.7%
Phantom FallsColorado
40.7%
Circle RTexas
38.9%
Holler in the HillsKentucky
37%
Whistler's BendOregon
37%
Lincoln RidgeKentucky
35.2%
Whippin' PostWest Virginia
33.3%
The WoodshedWest Virginia
33.3%
Winter ParkWisconsin
29.6%
Ashe CountyNorth Carolina
29.6%
Brakewell SteelNew York
29.6%
Hornings HideoutOregon
27.8%
Foundation ParkIllinois
25.9%
SugareeNorth Carolina
22.2%
Bud HillTennessee
18.5%

You're not logged in!

Compare scores with friends on all Sporcle quizzes.
OR
Log In

You Might Also Like...

Show Comments

Extras

Top Quizzes Today


Score Distribution

Your Account Isn't Verified!

In order to create a playlist on Sporcle, you need to verify the email address you used during registration. Go to your Sporcle Settings to finish the process.

Report this User

Report this user for behavior that violates our Community Guidelines.

Details: